Бытье Михаила Прасолова: повесть

Dettagli Bibliografici
Autore principale: Рыжаков В. С. Вадим Степанович
Riassunto:Исключено из фонда НТБ ТПУ
Lingua:russo
Pubblicazione: Москва, Современник, 1990
Natura: MixedMaterials Libro
KOHA link:https://koha.lib.tpu.ru/cgi-bin/koha/opac-detail.pl?biblionumber=148580

MARC

LEADER 00000nam0a2200000 4500
001 148580
005 20231031145516.0
010 |a 5270007495 
035 |a (RuTPU)RU\TPU\book\161089 
090 |a 148580 
100 |a 20081204d1990 m y0rusy50 ca 
101 0 |a rus 
102 |a RU 
105 |a a z 000ay 
200 1 |a Бытье Михаила Прасолова  |e повесть  |f В. С. Рыжаков 
210 |a Москва  |c Современник  |d 1990 
215 |a 254 с. 
333 |a Исключено из фонда НТБ ТПУ 
700 1 |a Рыжаков  |b В. С.  |g Вадим Степанович 
801 1 |a RU  |b 63413507  |c 20081204  |g PSBO 
801 2 |a RU  |b 63413507  |c 20160311  |g RCR 
942 |c BK